000 00766cam a2200253 a 4500
001 11946731
003 OSt
005 20160421150518.0
008 000320s2001 maua b 001 0 eng
010 _a 00036215
020 _a0205292224
040 _aSEKU
043 _an-us---
050 0 0 _aLC 3981
_b.S6 2001
082 0 0 _a371.9/0973
_221
100 1 _aSmith, Deborah Deutsch.
245 1 0 _aIntroduction to special education :
_bteaching in an age of opportunity /
_cDeborah Deutsch Smith.
250 _a4th ed.
260 _aBoston :
_bAllyn and Bacon,
_c2001.
300 _axxvi, 629 p. :
_bill. (some col.) ;
_c27 cm.
504 _aIncludes bibliographical references and indexes.
650 0 _aSpecial education
_zUnited States.
942 _2lcc
_cGEN
999 _c12951
_d12951